000 00413cam a2200181 4500
001 D10064
008 090401t1975 xxu||||| |||| 00| 0 eng d
035 _a(Sirsi) u2653
041 _aeng
050 _a745.1
100 _aWynter, Harriet
245 _aScientific instruments
260 _aLondon
_bStudio Vista
_c1975
300 _a239p. illus. 31cm
350 _a12.5
942 _n0
948 _c04/03/1997
999 _c85793
_d85793